Catalog

Record Details

Catalog Search



The heartbreaker  Cover Image Book Book

The heartbreaker / Carly Phillips.

Phillips, Carly. (Author).

Summary:

As the eldest of three rabble-rousing brothers, Chase Chandler has waited a long time to leave his small-town roots behind. All bets are off when the single journalist meets a redhead who arouses a lot more than lust. Yet Sloane Carlisle isn't just any woman. She's a senator's daughter who is about to thrust him into the eye of a breaking political scandal--and a shot at a story that's already making headlines. All Chase has to do for an exclusive is keep her out of harm's way. Suddenly a guy who has always steered clear of marriage is falling for a serious-minded woman with a family secret that could land them both in danger.

Record details

  • ISBN: 9780446610568
  • ISBN: 0446610569
  • Physical Description: 339 pages ; 18 cm
  • Publisher: New York : Warner Vision Books, [2004], ©2003.

Content descriptions

General Note:
Includes excerpt from Under the boardwalk (p. [323]-339).
Subject: Newspaper publishing > Fiction.
Brothers > Fiction.
New York (State) > Fiction.
Genre: Romance fiction.

LDR 01708nam a2200337Ia 4500
001151496
003CONS
00520190606062050.0
008040518r20042003nyu 000 1 eng d
020 . ‡a9780446610568 ‡q(pbk.)
020 . ‡a0446610569 ‡q(pbk.)
035 . ‡a(CPomAG)LMN612869
043 . ‡an-us-ny
05014. ‡aPS3616.H454 ‡bH43 2004
08204. ‡a813.6
1001 . ‡aPhillips, Carly.
24514. ‡aThe heartbreaker / ‡cCarly Phillips.
260 . ‡aNew York : ‡bWarner Vision Books, ‡c[2004], ©2003.
300 . ‡a339 pages ; ‡c18 cm
336 . ‡atext ‡btxt ‡2rdacontent
337 . ‡aunmediated ‡bn ‡2rdamedia
338 . ‡avolume ‡bnc ‡2rdacarrier
500 . ‡aIncludes excerpt from Under the boardwalk (p. [323]-339).
520 . ‡aAs the eldest of three rabble-rousing brothers, Chase Chandler has waited a long time to leave his small-town roots behind. All bets are off when the single journalist meets a redhead who arouses a lot more than lust. Yet Sloane Carlisle isn't just any woman. She's a senator's daughter who is about to thrust him into the eye of a breaking political scandal--and a shot at a story that's already making headlines. All Chase has to do for an exclusive is keep her out of harm's way. Suddenly a guy who has always steered clear of marriage is falling for a serious-minded woman with a family secret that could land them both in danger.
650 0. ‡aNewspaper publishing ‡vFiction.
650 0. ‡aBrothers ‡vFiction.
651 0. ‡aNew York (State) ‡vFiction.
655 7. ‡aRomance fiction. ‡2lcgft
914 . ‡aSCP_LP
959 . ‡i32269001119430 ‡lF Phi ‡aAdult - Fiction ‡tHardback ‡g20.00
852 . ‡p32269001119430 ‡jF Phi ‡gAdult - Fiction ‡cHardback ‡y20.00 ‡bSBPL
901 . ‡a151496 ‡bUnknown ‡c151496 ‡tbiblio

Additional Resources